000
00250nam a2200109Ia 4500
005
20251222141930.0
008
251222s9999||||xx |||||||||||||| ||spa||
082
_a
516.22/C47
245
0
_a
Curso de GeometrĂa Plana
264
_b
CEPRE-UNI
942
_c
LIB
999
_c
8989
_d
8989